| 000 -LEADER |
| fixed length control field |
00544nam a2200169 i 4500 |
| 020 ## - INTERNATIONAL STANDARD BOOK NUMBER |
| ISBN |
2706805862 : |
| 040 ## - CATALOGING SOURCE |
| Transcribing agency |
DLC |
| 082 00 - DEWEY DECIMAL CLASSIFICATION NUMBER |
| Classification number |
630 G-P.M 1974 A039 Or. |
| 100 1# - MAIN ENTRY--AUTHOR NAME |
| Personal name |
Angladette, André. |
| 245 10 - TITLE STATEMENT |
| Title |
Problèmes et perspectives de l'agriculture dans les pays tropicaux / |
| 260 ## - PUBLICATION, DISTRIBUTION, ETC. (IMPRINT) |
| Place of publication |
Paris : |
| Name of publisher |
G.-P. Maisonneuve et Larose, |
| Year of publication |
[1974] |
| 300 ## - PHYSICAL DESCRIPTION |
| Number of Pages |
770 p., [32] leaves of plates : |
| Other physical details |
ill. ; |
| Dimensions |
25 cm. |
| 490 0# - SERIES STATEMENT |
| Series statement |
Techniques agricoles et productions tropicales ; 25-27 |
| 650 #0 - SUBJECT ADDED ENTRY--TOPICAL TERM |
| Topical Term |
Agriculture |
| 700 1# - ADDED ENTRY--PERSONAL NAME |
| Personal name |
Deschamps, Louis, |
| 942 ## - ADDED ENTRY ELEMENTS (KOHA) |
| Koha item type |
សៀវភៅភាសាបារាំង |
| 952 ## - LOCATION AND ITEM INFORMATION (KOHA) |
| Withdrawn status [LOCAL, KOHA] |
0 |